000 00245nam a22001097a 4500
082 _a658.159 CAR'O
100 _aCARROLL, PHIL
_936449
245 _aOVERHEAD COST CONTROL
260 _aNEWYORK
_bMCGRAW HILL
_c1964
300 _a314P
942 _cBK
999 _c567296
_d567296